| 000 | 00699nam a2200229Ia 4500 | ||
|---|---|---|---|
| 003 | IN-BaIIA | ||
| 008 | 211028s9999 xx 000 0 eng d | ||
| 040 | _cIIA Library | ||
| 080 |
_a530.1 _bRIC |
||
| 100 |
_aRichtmyer, F. K. _91850 |
||
| 245 | 0 |
_aIntroduction to modern physics _cF. K. Richtmyer and E. H. Kennard |
|
| 250 | _a4th ed. | ||
| 260 |
_aNew York _bMcGraw-Hill _c1947 |
||
| 300 | _axvii,759p. | ||
| 490 | _aInternational series in pure and applied physcics | ||
| 650 |
_aModern Physics _91851 |
||
| 650 | _aNASA Thesaurus | ||
| 650 |
_aPhysics _973 |
||
| 650 |
_aTheoretical Physics _91581 |
||
| 700 |
_aKennard, E. H. _91852 |
||
| 942 | _cBK | ||
| 999 |
_c869 _d869 |
||